|
|
|
|
| LEADER |
01783nam a2200409Ia 4500 |
| 001 |
EBC1134945 |
| 003 |
MiAaPQ |
| 005 |
20200520144314.0 |
| 006 |
m o d | |
| 007 |
cr cn||||||||| |
| 008 |
110314s2010 tz a sb 100 0 eng d |
| 010 |
|
|
|z 2011349151
|
| 020 |
|
|
|z 9789987080861
|
| 035 |
|
|
|a (MiAaPQ)EBC1134945
|
| 035 |
|
|
|a (Au-PeEL)EBL1134945
|
| 035 |
|
|
|a (CaPaEBR)ebr10449900
|
| 035 |
|
|
|a (CaONFJC)MIL300504
|
| 035 |
|
|
|a (OCoLC)743202304
|
| 040 |
|
|
|a MiAaPQ
|c MiAaPQ
|d MiAaPQ
|
| 050 |
|
4 |
|a HC885
|b .T365 2010
|
| 245 |
0 |
0 |
|a Tanzania in transition
|h [electronic resource] :
|b from Nyerere to Mkapa /
|c edited by Kjell Havnevik and Aida C. Isinika.
|
| 246 |
3 |
|
|a From Nyerere to Mkapa
|
| 250 |
|
|
|a 1st ed.
|
| 260 |
|
|
|a Dar-es-Salaam, Tanzania :
|b Mkuki Na Nyoka,
|c 2010.
|
| 300 |
|
|
|a xvi, 284 p. :
|b ill.
|
| 500 |
|
|
|a "This book is inspired by an international conference organised by the Nordic Africa Institute (NAI) in cooperation with the Swedish University of Agricultural Sciences, Department for Rural Development and Agro-ecology, in September 2005"--P. [xv].
|
| 504 |
|
|
|a Includes bibliographical references.
|
| 533 |
|
|
|a Electronic reproduction. Ann Arbor, MI : ProQuest, 2015. Available via World Wide Web. Access may be limited to ProQuest affiliated libraries.
|
| 650 |
|
0 |
|a Economics
|z Tanzania
|v Congresses.
|
| 651 |
|
0 |
|a Tanzania
|x Economic policy
|v Congresses.
|
| 651 |
|
0 |
|a Tanzania
|x Politics and government
|y 1964-
|v Congresses.
|
| 651 |
|
0 |
|a Tanzania
|x Economic conditions
|y 1964-
|v Congresses.
|
| 655 |
|
4 |
|a Electronic books.
|
| 700 |
1 |
|
|a Havnevik, Kjell J.
|
| 700 |
1 |
|
|a Isinika, Aida C.,
|d 1951-
|
| 710 |
2 |
|
|a ProQuest (Firm)
|
| 856 |
4 |
0 |
|u https://ebookcentral.proquest.com/lib/matrademy/detail.action?docID=1134945
|z Click to View
|